header

Building choral excellence (Record no. 90683)

MARC details
000 -LEADER
fixed length control field 01207nam a22003014a 4500
082 04 - DEWEY DECIMAL CLASSIFICATION NUMBER
Classification number 782.5/1423/071
100 1# - MAIN ENTRY--AUTHOR NAME
Personal name Demorest, Steven M.
245 10 - TITLE STATEMENT
Title Building choral excellence
260 ## - PUBLICATION, DISTRIBUTION, ETC. (IMPRINT)
Place of publication New York :
Name of publisher Oxford University Press,
Year of publication 2001.
300 ## - PHYSICAL DESCRIPTION
Number of Pages xii, 177 p. :
Other physical details ill.
650 #0 - SUBJECT ADDED ENTRY--TOPICAL TERM
Topical Term Choral singing
Topical Term Sight-singing.
856 40 - ELECTRONIC LOCATION AND ACCESS
Uniform Resource Identifier http://site.ebrary.com/lib/rucke/Doc?id=10142418

No items available.

© 2026 Rongo University
Contact us: librarian | system librarian | Rongo university